[Event "Paracin Winter op"]
[Site "Paracin"]
[Date "2018.02.01"]
[Round "4"]
[White "Markovic, Luka A"]
[Black "Delic, Miladin"]
[Result "0-1"]
[WhiteElo "1154"]
[BlackElo "1741"]
[PlyCount "150"]
[EventDate "2018.01.30"]
[EventType "swiss"]
[EventRounds "9"]
[EventCountry "SRB"]
[SourceTitle "CBM 182 Extra"]
[Source "ChessBase"]
[SourceDate "2018.02.23"]
[SourceVersion "1"]
[SourceVersionDate "2018.02.23"]
[SourceQuality "1"]

1. e4 e5 2. Nf3 Nc6 3. Bb5 Nf6 4. d3 h6 5. 0-0 d6 6. c3 Be7 7. Be3 Bd7 8. Re1 a6 9. Ba4 0-0 10. h3 Re8 11. Nbd2 Bf8 12. b4 d5 13. exd5 Nxd5 14. Bb3 Nxc3 15. Qc2 Bxb4 16. a3 Ba5 17. Nc4 Nb5 18. Bd2 Ncd4 19. Nxd4 Nxd4 20. Qb2 Bxd2 21. Nxd2 Nxb3 22. Qxb3 Bxh3 23. gxh3 Qg5+ 24. Kf1 Qxd2 25. Ra2 Qf4 26. Re4 Qc1+ 27. Re1 Qc6 28. Re4 Rad8 29. Rc4 Qd5 30. Rc3 Qxb3 31. Rxb3 b5 32. a4 c6 33. axb5 axb5 34. Ra6 Rc8 35. Ke2 e4 36. dxe4 Rxe4+ 37. Kd3 Rh4 38. Ke2 b4 39. Rb6 c5 40. Kf1 Re4 41. Rd6 Re6 42. Rxe6 fxe6 43. Ke2 Kf7 44. Ke3 Ke7 45. Ke4 Kd6 46. f4 g6 47. h4 Rb8 48. Kd3 Kd5 49. Rb1 c4+ 50. Ke3 b3 51. Rc1 b2 52. Rb1 Rb3+ 53. Kd2 Kd4 54. Kc2 Rf3 55. Rxb2 Rf2+ 56. Kc1 Rxb2 57. Kxb2 Ke4 58. Kc3 Kxf4 59. Kxc4 e5 60. Kd3 Kf3 61. Kd2 e4 62. Kd1 Kf2 63. Kd2 e3+ 64. Kd1 e2+ 65. Kd2 e1Q+ 66. Kd3 Qe3+ 67. Kc4 Qd2 68. Kb3 Qc1 69. Ka4 Qb2 70. h5 g5 71. Ka5 g4 72. Ka4 g3 73. Ka5 g2 74. Ka4 g1R 75. Ka5 Ra1# 0-1